Zum Begriff der Natur der Sache

Guardat en:
Dades bibliogràfiques
Autor principal: Dreier, Ralf (Autor)
Format: Llibre
Idioma:alemany
Publicat: Berlín Walter de Gruyter 1965
Matèries:
Etiquetes: Afegir etiqueta
Sense etiquetes, Sigues el primer a etiquetar aquest registre!

MARC

LEADER 00000nam a2200000 a 4500
001 UCR2599
003 CL-VaPUC
008 980112e19650000GW |||||||||||||||||ger|d
082 0 4 |a 340.1  |b DRE  |2 21 
100 0 |a Dreier, Ralf  |e author  |9 400636 
245 1 0 |a Zum Begriff der Natur der Sache 
300 |a 128 p 
942 |c BK 
945 |d 19980112 00:00:00  |a aolguin 
260 |a Berlín  |b Walter de Gruyter  |c 1965 
650 0 |a Filosofía del derecho   |9 255050 
650 0 |a Teoría del derecho  |9 255982 
650 0 |a Filósofos   |9 269126 
583 |a last modification  |c 19980112 00:00:00  |k Rodrigo Vera 
999 |c 265733  |d 265731 
952 |0 0  |1 0  |4 0  |6 340_100000000000000_DRE_1965  |7 0  |8 DER_TF  |9 296783  |a BIBDER  |b BIBDER  |d 2019-11-20  |i 1920286  |l 3  |m 1  |o 340.1 DRE 1965  |p 1920286  |r 2023-01-25  |s 2022-12-07  |w 2019-11-20  |x Ubicación 4to Piso  |y BK  |z Estos recursos deben solicitarse con anticipación  |k DER